00322nam a2200121Ia 4500100001900000650001200019654003000031245007700061260002500138082001700163300000800180546001200188 aPalande/ P.S.  aGeneral aliberalisation industries aCoping with Liberalisation : Industries Response to New Competition bResponse booksc2000 a338.954bPAL a377 aENGLISH